| 000 | 00656cam a22001935a 4500 | ||
|---|---|---|---|
| 001 | E153491 | ||
| 008 | 110802s1952 xxk f 000 0 eng d | ||
| 035 | _a(Sirsi) u153491 | ||
| 041 | 0 | _aeng | |
| 050 | 0 | 4 | _a333.332 $2 18 |
| 100 | 1 | _aRose, J. J. | |
| 245 | 0 | 0 |
_aLeasehold valuation tables _bfor the use of surveyors, valuers, auctioneers, estate agents, civil engineers and others interested in the valuation of leasehold property |
| 260 |
_aLondon _bTechnical Press _c1952 |
||
| 300 |
_aiv, 67p. _c22cm. |
||
| 520 | _aReprint of the 1949 edition. | ||
| 651 | 4 |
_aUnited Kingdom _y |
|
| 690 | _aPROPERTY-PROPERTY APPRAISAL AND VALUATION | ||
| 942 | _n0 | ||
| 999 |
_c112551 _d112551 |
||